000
00335nam a2200133Ia 4500
008
240624s9999 xx 000 0 und d
041
_a
eng
082
_a
150.72 WAT
100
_a
WATTS SIMON
245
_a
DOING Q METHODOLOGICAL RESEARCH THEORY M
260
_c
2012
_a
London
_b
Sage
300
_a
ix, 238 p.; 24 cm.
365
_c
BPS
_b
38
999
_c
29034
_d
29034